<?xml version="1.0" encoding="UTF-8"?>
<collection xmlns="http://www.loc.gov/MARC21/slim">
    <record>
        <controlfield tag="001">5930</controlfield>
        <controlfield tag="005">20190220130407.0</controlfield>
        <datafield tag="037" ind1=" " ind2=" ">
            <subfield code="a">TAZ-PFC-2011-255</subfield>
        </datafield>
        <datafield tag="041" ind1=" " ind2=" ">
            <subfield code="a">spa</subfield>
        </datafield>
        <datafield tag="100" ind1="1" ind2=" ">
            <subfield code="a">Gómez Vélez, Elena</subfield>
        </datafield>
        <datafield tag="245" ind1="0" ind2="0">
            <subfield code="a">Control analítico de los parámetros de una EDAR</subfield>
        </datafield>
        <datafield tag="260" ind1=" " ind2=" ">
            <subfield code="a">Zaragoza</subfield>
            <subfield code="b">Universidad de Zaragoza</subfield>
            <subfield code="c">2011</subfield>
        </datafield>
        <datafield tag="506" ind1=" " ind2=" ">
            <subfield code="a">by-nc-sa</subfield>
            <subfield code="b">Creative Commons</subfield>
            <subfield code="c">3.0</subfield>
            <subfield code="u">http://creativecommons.org/licenses/by-nc-sa/3.0/</subfield>
        </datafield>
        <datafield tag="520" ind1=" " ind2=" ">
            <subfield code="a">En el presente proyecto se va a llevar a cabo un estudio analítico de los diferentes parámetros que definen las líneas de agua y de fangos de una estación depuradora de aguas residuales.El proyecto se estructura en varios puntos.En primer lugar, se informa sobre las características físicas, químicas y biológicas que presenta un agua residual, así como su composición, los contaminantes más importantes que pueden contener estas aguas y las distintas técnicas de muestreo que se pueden emplear para obtener muestras representativas.Se incluye una lista de la legislación existente en cuanto a aguas residuales y lodos de depuradora, y a continuación, se informa sobre la EDAR en la que se ha realizado el estudio de los distintos parámetros, procediendo a una breve explicación del proceso de depuración que se sigue en la misma.En segundo lugar, se informa sobre los objetivos así como sobre la instrumentación y métodos de análisis que se han elegido para realizar el control analítico de los distintos parámetros, incluyendo a continuación los resultados obtenidos en los análisis. Los análisis fueron realizados en el laboratorio de la EDAR objeto de estudio durante los meses de julio, agosto y septiembre del año 2010.Finalmente, se exponen las conclusiones que se pueden extraer tras el estudio de los diferentes parámetros durante este periodo de tres meses.Se incluyen también dos anexos, en uno de ellos se muestran los diferentes procesos que existen en el tratamiento de aguas residuales y fangos; y en el otro, se muestran los procedimientos que se han seguido para llevar a cabo el control analítico de los diferentes parámetros que se estudian.</subfield>
        </datafield>
        <datafield tag="521" ind1=" " ind2=" ">
            <subfield code="a">Ingeniero Técnico Industrial (Esp. Química Industrial)</subfield>
        </datafield>
        <datafield tag="540" ind1=" " ind2=" ">
            <subfield code="a">Derechos regulados por licencia Creative Commons</subfield>
        </datafield>
        <datafield tag="653" ind1="1" ind2=" ">
            <subfield code="a">EDAR</subfield>
        </datafield>
        <datafield tag="653" ind1="1" ind2=" ">
            <subfield code="a">análisis</subfield>
        </datafield>
        <datafield tag="653" ind1="1" ind2=" ">
            <subfield code="a">control</subfield>
        </datafield>
        <datafield tag="700" ind1=" " ind2=" ">
            <subfield code="a">Rubio Navarro, Carlos Enrique</subfield>
            <subfield code="e">dir.</subfield>
        </datafield>
        <datafield tag="710" ind1="2" ind2=" ">
            <subfield code="a">Universidad de Zaragoza</subfield>
            <subfield code="b">Química Analítica</subfield>
            <subfield code="c">Química Analítica</subfield>
        </datafield>
        <datafield tag="830" ind1=" " ind2=" ">
            <subfield code="a">EUITIZ</subfield>
        </datafield>
        <datafield tag="856" ind1="0" ind2=" ">
            <subfield code="f">561377@celes.unizar.es</subfield>
        </datafield>
        <datafield tag="856" ind1="4" ind2=" ">
            <subfield code="s">4678785</subfield>
            <subfield code="u">http://zaguan.unizar.es/record/5930/files/TAZ-PFC-2011-255.pdf</subfield>
            <subfield code="y">Memoria (spa)</subfield>
        </datafield>
        <datafield tag="909" ind1="C" ind2="O">
            <subfield code="o">oai:zaguan.unizar.es:5930</subfield>
            <subfield code="p">driver</subfield>
            <subfield code="p">proyectos-fin-carrera</subfield>
        </datafield>
        <datafield tag="950" ind1=" " ind2=" ">
            <subfield code="a"></subfield>
        </datafield>
        <datafield tag="980" ind1=" " ind2=" ">
            <subfield code="a">TAZ</subfield>
            <subfield code="b">PFC</subfield>
            <subfield code="c">EUITIZ</subfield>
        </datafield>
    </record>

    
</collection>